000 01002nam a22001937a 4500
999 _c59114
_d59114
003 Ge_BSU
005 20221128112012.0
008 221128s1974ge xxu||||| |||| 00| 0 geo d
041 _ageo
080 _a821.353.1+821.353.1-11+821.353.1-92 ჭ-15
100 _aჭავჭავაძე, ილია, 1837-1907.
_97615
245 _aრჩეული : 2 წიგნად.
_bწ. 1, [ლექსები. პოემები. წერილები] /
_c ი. ჭავჭავაძე ; შემდგ.: ნ. ალანია ; ილ: დ. გაბაშვილი.
264 _aთბილისი :
_bსაბჭ. საქართველო,
_c1974.
300 _a233 გვ. :
_b1 ფ. პორტრ.
_c15 სმ.
653 _aლექსები და პოემები
700 _aალანია, ნ
_eშემდგენელი
_916112
700 _aგაბაშვილი, დ
_eილუსტრატორი
_916137
942 _2udc
_cBK